Kluby w europejskich pucharach 2024/2025 - Statystyki

Ogólne statystyki
  • Ten quiz został rozwiązany 84 razy
  • Średni wynik to 61 z 108
Statystyki odpowiedzi
Rozgrywki Państwo Klub % Poprawnych
Liga Mistrzów Niemcy Bayer Leverkusen
100%
Liga Mistrzów Anglia Manchester City
100%
Liga Mistrzów Francja Paris Saint-Germain
100%
Liga Mistrzów Hiszpania Real Madryt
100%
Liga Mistrzów Niemcy Bayern Monachium
96%
Liga Mistrzów Włochy Inter Mediolan
96%
Liga Mistrzów Niemcy Borussia Dortmund
94%
Liga Mistrzów Anglia Liverpool
94%
Liga Europy Anglia Manchester United
93%
Liga Mistrzów Hiszpania FC Barcelona
91%
Liga Mistrzów Włochy Milan
91%
Liga Mistrzów Portugalia Sporting CP
90%
Liga Europy Holandia Ajax
88%
Liga Mistrzów Anglia Arsenal
87%
Liga Mistrzów Hiszpania Atlético Madryt
87%
Liga Mistrzów Szkocja Celtic
87%
Liga Konferencji Anglia Chelsea
87%
Liga Europy Portugalia FC Porto
87%
Liga Konferencji Polska Jagiellonia Białystok
87%
Liga Konferencji Polska Legia Warszawa
87%
Liga Mistrzów Niemcy RB Lipsk
87%
Liga Mistrzów Włochy Juventus
85%
Liga Mistrzów Portugalia SL Benfica
85%
Liga Mistrzów Chorwacja Dinamo Zagrzeb
84%
Liga Mistrzów Czechy Sparta Praga
84%
Liga Mistrzów Anglia Aston Villa
79%
Liga Mistrzów Holandia Feyenoord
79%
Liga Mistrzów Słowacja Slovan Bratysława
79%
Liga Mistrzów Szwajcaria BSC Young Boys
78%
Liga Mistrzów Holandia PSV Eindhoven
78%
Liga Mistrzów Belgia Club Brugge
76%
Liga Europy Włochy Roma
76%
Liga Europy Anglia Tottenham Hotspur
76%
Liga Mistrzów Włochy Atalanta
73%
Liga Europy Ukraina Dynamo Kijów
72%
Liga Europy Szkocja Rangers
70%
Liga Konferencji Hiszpania Real Betis
70%
Liga Mistrzów Ukraina Szachtar Donieck
70%
Liga Mistrzów Francja AS Monaco
69%
Liga Mistrzów Włochy Bologna
69%
Liga Mistrzów Serbia FK Crvena zvezda
69%
Liga Europy Włochy Lazio
69%
Liga Europy Czechy Slavia Praga
69%
Liga Europy Turcja Galatasaray SK
67%
Liga Mistrzów Austria Sturm Graz
67%
Liga Mistrzów Niemcy VfB Stuttgart
67%
Liga Konferencji Dania FC Kopenhaga
66%
Liga Mistrzów Francja Lille OSC
66%
Liga Mistrzów Austria Red Bull Salzburg
66%
Liga Mistrzów Hiszpania Girona FC
64%
Liga Europy Hiszpania Real Sociedad
64%
Liga Europy Belgia RSC Anderlecht
61%
Liga Europy Portugalia SC Braga
60%
Liga Mistrzów Francja Brest
58%
Liga Europy Norwegia FK Bodø/Glimt
58%
Liga Europy Hiszpania Athletic Bilbao
57%
Liga Europy Turcja Fenerbahçe SK
57%
Liga Europy Grecja PAOK FC
57%
Liga Europy Niemcy Eintracht Frankfurt
54%
Liga Europy Francja Olympique Lyon
54%
Liga Europy Szwecja Malmö FF
52%
Liga Europy Turcja Beşiktaş JK
51%
Liga Europy Grecja Olympiakos SFP
51%
Liga Europy Holandia AZ Alkmaar
49%
Liga Konferencji Włochy Fiorentina
49%
Liga Konferencji Cypr APOEL Nikozja
48%
Liga Konferencji Norwegia Molde FK
48%
Liga Konferencji Austria Rapid Wiedeń
45%
Liga Europy Azerbejdżan Qarabağ FK
43%
Liga Europy Francja OGC Nice
42%
Liga Konferencji Belgia KAA Gent
40%
Liga Europy Bułgaria Łudogorec Razgrad
40%
Liga Konferencji Belgia Cercle Brugge
39%
Liga Europy Rumunia FCSB
37%
Liga Konferencji Kazachstan FK Astana
37%
Liga Konferencji Grecja Panathinaikos AO
37%
Liga Konferencji Białoruś Dynama Mińsk
36%
Liga Konferencji Finlandia HJK Helsinki
36%
Liga Europy Izrael Maccabi Tel Awiw
34%
Liga Konferencji Słowenia NK Celje
34%
Liga Europy Belgia Union SG
34%
Liga Europy Czechy Viktoria Pilzno
34%
Liga Konferencji Cypr Omonia Nikozja
33%
Liga Europy Holandia Twente
33%
Liga Konferencji Szwajcaria FC Lugano
31%
Liga Konferencji Niemcy FC Heidenheim
30%
Liga Konferencji Turcja İstanbul Başakşehir
30%
Liga Europy Dania FC Midtjylland
28%
Liga Konferencji Irlandia Shamrock Rovers
28%
Liga Konferencji Portugalia Vitória Guimarães
28%
Liga Europy Węgry Ferencvárosi TC
27%
Liga Konferencji Słowenia Olimpija Lublana
27%
Liga Konferencji Cypr Pafos FC
27%
Liga Konferencji Szkocja Heart of Midlothian
25%
Liga Konferencji Armenia Noah Erywań
25%
Liga Konferencji Islandia Víkingur Reykjavík
25%
Liga Europy Łotwa FK RFS
24%
Liga Europy Niemcy TSG Hoffenheim
24%
Liga Konferencji Czechy FK Mladá Boleslav
22%
Liga Konferencji Austria LASK Linz
22%
Liga Europy Szwecja IF Elfsborg
18%
Liga Konferencji Walia The New Saints F.C.
18%
Liga Konferencji Szwajcaria FC Sankt Gallen
15%
Liga Konferencji Bośnia i Hercegowina Borac Banja Luka
13%
Liga Konferencji Szwecja Djurgårdens IF
13%
Liga Konferencji Irlandia Północna Larne F.C.
13%
Liga Konferencji Serbia TSC Bačka Topola
13%
Liga Konferencji Mołdawia Petrocub Hîncești
9%
Nie znaleziono quizów pasujących do podanych kryteriów
Rozkład punktacji
Procent ludzi z każdym wynikiem
Percentyl według liczby udzielonych odpowiedzi
Twoja historia wyników
Nie rozwiązałeś tego quizu